000 00389 a2200109 4500
001 ART_42289
005 20260410161807.0
008 260409a
245 1 0 _aReflexiones de última generación sobre la importancia del Due Diligence para abogados y contadores
100 1 _aPapa, Rodolfo G.
773 0 _tDoctrina Societaria y Concursal
_g- Nº 283 (jun. 2011)
_wREV4298
999 _c21105
_d21105